000 01801nam a2200253Ia 4500
008 260220t2008||||xx |||||||||||||| ||spa||
040 _aPY-SlUNAC
_bspa
_erda
041 _aspa
082 _a547
_bMc229q
100 _aMcMurry, John
_eAutor
245 0 _aQuímica orgánica /
_cpor John McMurry [Autor]
250 _aSéptima edición
264 _aCiudad de México :
_bCengage Learning,
_c℗2008.
300 _a1 volumen
520 _aEl libro "Química orgánica" de John McMurry es una obra fundamental que aborda de manera integral los principios y conceptos esenciales de la química orgánica. Con un enfoque pedagógico, McMurry explica la estructura, propiedades y reactividad de compuestos orgánicos, facilitando la comprensión de las interacciones moleculares a través de ejemplos claros y aplicaciones prácticas. El texto se organiza en secciones que abordan temas como la nomenclatura, isomería, reacciones y mecanismos, lo que permite a los estudiantes desarrollar una comprensión sólida y progresiva del material. Asimismo, incluye ilustraciones detalladas y problemas de práctica que estimulan el pensamiento crítico y la resolución de problemas. La obra también enfatiza la importancia de la química orgánica en contextos biológicos y ambientales, destacando su relevancia en la investigación y la industria. En conjunto, el libro de McMurry se presenta como una herramienta valiosa para estudiantes y profesionales que desean profundizar en el estudio de la química orgánica y sus aplicaciones.
653 _aCiencias naturales
653 _aQuímica
653 _aQuímica orgánica
942 _b2026/02/17
_cBK
999 _c7948
_d7948